<?xml version="1.0" encoding="UTF-8"?>
<record
    xmlns:xsi="http://www.w3.org/2001/XMLSchema-instance"
    xsi:schemaLocation="http://www.loc.gov/MARC21/slim http://www.loc.gov/standards/marcxml/schema/MARC21slim.xsd"
    xmlns="http://www.loc.gov/MARC21/slim">

  <leader>00903nam a2200229 a 4500</leader>
  <controlfield tag="001">81225</controlfield>
  <controlfield tag="003">BD-RjUL</controlfield>
  <controlfield tag="005">20230214115029.0</controlfield>
  <controlfield tag="008">010301s1972    tu            00000 araod</controlfield>
  <datafield tag="035" ind1=" " ind2=" ">
    <subfield code="a">(BD-RjUL)81225</subfield>
  </datafield>
  <datafield tag="040" ind1=" " ind2=" ">
    <subfield code="a">MiU</subfield>
    <subfield code="c">MiU</subfield>
    <subfield code="d">UkOxU</subfield>
    <subfield code="b">eng</subfield>
  </datafield>
  <datafield tag="041" ind1=" " ind2=" ">
    <subfield code="a">ara</subfield>
  </datafield>
  <datafield tag="082" ind1=" " ind2=" ">
    <subfield code="2">23</subfield>
    <subfield code="a">297.86</subfield>
    <subfield code="b">ISU 1972</subfield>
  </datafield>
  <datafield tag="100" ind1="1" ind2=" ">
    <subfield code="a">&#x627;&#x64A;&#x634;&#x64A;&#x642;&#x60C; &#x62D;&#x633;&#x64A;&#x646; &#x62D;&#x644;&#x645;&#x64A;.   I&#x15F;&#x131;k, H&#xFC;seyin Hilmi</subfield>
    <subfield code="9">6982</subfield>
  </datafield>
  <datafield tag="245" ind1="1" ind2="0">
    <subfield code="a">&#x2BF;Ulam&#x101;&#x2BC; al-Muslim&#x12B;n wa-al-Wahh&#x101;b&#x12B;y&#x16B;n =&#x639;&#x644;&#x645;&#x627;&#x621; &#x627;&#x644;&#x645;&#x633;&#x644;&#x645;&#x64A;&#x646; &#x648;&#x627;&#x644;&#x648;&#x647;&#x627;&#x628;&#x64A;&#x648;&#x646; /</subfield>
    <subfield code="b">&#x62C;&#x645;&#x639;&#x647;&#x627; &#x62D;&#x633;&#x64A;&#x646; &#x62D;&#x644;&#x645;&#x64A; &#x627;&#x64A;&#x634;&#x64A;&#x642;    Isl&#xE2;m &#xE2;limleri ve vehh&#xE2;b&#xEE;ler /.</subfield>
    <subfield code="c">jama&#x2BF;ah&#x101; &#x1E24;usayn &#x1E24;ilm&#x12B; &#x12A;sh&#x12B;q.</subfield>
  </datafield>
  <datafield tag="246" ind1="3" ind2="1">
    <subfield code="a">Isl&#xE2;m &#xE2;limleri ve vehh&#xE2;b&#xEE;ler</subfield>
  </datafield>
  <datafield tag="246" ind1="1" ind2="4">
    <subfield code="a">Islamic savants and Wahhabis</subfield>
  </datafield>
  <datafield tag="260" ind1=" " ind2=" ">
    <subfield code="a">Ist&#x101;nb&#x16B;l :&#x627;&#x633;&#x62A;&#x627;&#x646;&#x628;&#x648;&#x644; :</subfield>
    <subfield code="b">Maktabat &#x12A;sh&#x12B;q,&#x645;&#x6A9;&#x62A;&#x628;&#x629; &#x627;&#x64A;&#x634;&#x64A;&#x642;&#x60C;</subfield>
    <subfield code="c">1972.</subfield>
  </datafield>
  <datafield tag="300" ind1=" " ind2=" ">
    <subfield code="a">191, 6, 16 p. ;</subfield>
    <subfield code="c">23 cm.</subfield>
  </datafield>
  <datafield tag="650" ind1=" " ind2="0">
    <subfield code="a">Muslim scholars.</subfield>
    <subfield code="9">1405</subfield>
  </datafield>
  <datafield tag="942" ind1=" " ind2=" ">
    <subfield code="2">ddc</subfield>
    <subfield code="c">BK</subfield>
  </datafield>
  <datafield tag="999" ind1=" " ind2=" ">
    <subfield code="c">81225</subfield>
    <subfield code="d">81225</subfield>
  </datafield>
  <datafield tag="952" ind1=" " ind2=" ">
    <subfield code="0">0</subfield>
    <subfield code="1">0</subfield>
    <subfield code="2">ddc</subfield>
    <subfield code="4">0</subfield>
    <subfield code="7">1</subfield>
    <subfield code="8">NFIC</subfield>
    <subfield code="a">RUCL</subfield>
    <subfield code="b">RUCL</subfield>
    <subfield code="c">Reading</subfield>
    <subfield code="d">1980-01-09</subfield>
    <subfield code="e">isik bookstore</subfield>
    <subfield code="l">0</subfield>
    <subfield code="o">A 297.86 ISU 1972</subfield>
    <subfield code="r">2023-02-14 00:00:00</subfield>
    <subfield code="t">C-1</subfield>
    <subfield code="w">2023-02-14</subfield>
    <subfield code="y">BK</subfield>
  </datafield>
</record>
